[Event "45th FIDE Chess Olympiad Open"]
[Site "Budapest, Hungary"]
[Date "2024.09.20"]
[Round "9"]
[White "Eltag, Siddig"]
[Black "Owen, Garth I"]
[Result "1-0"]
[Board "256"]
[WhiteFideId "12200204"]
[BlackFideId "10700382"]
[WhiteTitle "CM"]
[WhiteElo "2138"]
[BlackElo "1810"]
[WhiteTeam "Sudan"]
[BlackTeam "Guernsey"]
[WhiteClock "0:41:10"]
[BlackClock "0:08:45"]
[Variant "Standard"]

1. c4 {[%clk 1:30:52]}  Nf6 {[%clk 1:30:55]} 2. Nf3 {[%clk 1:31:11]}  g6 {[%clk 1:31:17]} 3. g3 {[%clk 1:31:34]}  Bg7 {[%clk 1:31:44]} 4. Bg2 {[%clk 1:31:58]}  O-O {[%clk 1:32:08]} 5. O-O {[%clk 1:32:01]}  d6 {[%clk 1:32:22]} 6. d4 {[%clk 1:32:14]}  Nbd7 {[%clk 1:32:47]} 7. Nc3 {[%clk 1:31:13]}  e5 {[%clk 1:33:10]} 8. dxe5 {[%clk 1:29:02]}  dxe5 {[%clk 1:33:22]} 9. h3 {[%clk 1:27:48]}  c6 {[%clk 1:31:42]} 10. Be3 {[%clk 1:27:07]}  Qc7 {[%clk 1:30:42]} 11. Qd2 {[%clk 1:27:07]}  Re8 {[%clk 1:30:45]} 12. Rac1 {[%clk 1:22:06]}  Qa5 {[%clk 1:19:09]} 13. Bh6 {[%clk 1:18:25]}  Bh8 {[%clk 1:18:16]} 14. Rfd1 {[%clk 1:17:26]}  Nc5 {[%clk 1:07:22]} 15. Ng5 {[%clk 1:08:00]}  Bf5 {[%clk 1:01:02]} 16. Qe3 {[%clk 1:05:54]}  Bd7 {[%clk 0:35:57]} 17. Rd6 {[%clk 1:00:41]}  Ne6 {[%clk 0:35:20]} 18. Qd2 {[%clk 0:49:27]}  Qc7 {[%clk 0:33:03]} 19. e3 {[%clk 0:42:09]}  Rad8 {[%clk 0:23:08]} 20. Rd1 {[%clk 0:41:27]}  Bc8 {[%clk 0:15:32]} 21. Nxe6 {[%clk 0:41:00]}  Qxd6 {[%clk 0:09:03]} 22. Nxd8 {[%clk 0:41:14]}  Qxd2 {[%clk 0:08:48]} 23. Rxd2 {[%clk 0:41:23]}  Nh5 {[%clk 0:08:45]} 24. Nxc6 {[%clk 0:41:10]} 1-0

[Event "45th FIDE Chess Olympiad Open"]
[Site "Budapest, Hungary"]
[Date "2024.09.20"]
[Round "9"]
[White "D`Amico, Nicola"]
[Black "Lam, Daniel King Wai"]
[Result "0-1"]
[Board "257"]
[WhiteFideId "11800437"]
[BlackFideId "6001238"]
[BlackTitle "FM"]
[WhiteElo "1801"]
[BlackElo "2088"]
[WhiteTeam "San Marino"]
[BlackTeam "Hong Kong, China"]
[WhiteClock "0:14:11"]
[BlackClock "0:29:04"]
[Variant "Standard"]

1. e4 {[%clk 1:30:53]}  c5 {[%clk 1:30:59]} 2. Nf3 {[%clk 1:31:14]}  d6 {[%clk 1:31:28]} 3. Bb5+ {[%clk 1:31:26]}  Bd7 {[%clk 1:31:57]} 4. Bxd7+ {[%clk 1:31:43]}  Qxd7 {[%clk 1:32:26]} 5. O-O {[%clk 1:31:41]}  Nc6 {[%clk 1:32:50]} 6. c3 {[%clk 1:31:33]}  Nf6 {[%clk 1:33:02]} 7. Qe2 {[%clk 1:31:08]}  e6 {[%clk 1:32:50]} 8. d4 {[%clk 1:29:55]}  cxd4 {[%clk 1:33:09]} 9. cxd4 {[%clk 1:30:03]}  d5 {[%clk 1:33:27]} 10. e5 {[%clk 1:27:15]}  Ne4 {[%clk 1:33:55]} 11. Nbd2 {[%clk 1:26:36]}  Nxd2 {[%clk 1:34:12]} 12. Bxd2 {[%clk 1:26:48]}  Be7 {[%clk 1:34:36]} 13. Rfc1 {[%clk 1:20:27]}  O-O {[%clk 1:34:43]} 14. Rc2 {[%clk 1:17:26]}  Nb4 {[%clk 1:32:01]} 15. Bxb4 {[%clk 1:15:49]}  Bxb4 {[%clk 1:32:30]} 16. Rac1 {[%clk 1:11:20]}  Ba5 {[%clk 1:30:20]} 17. a3 {[%clk 1:02:39]}  Qa4 {[%clk 1:26:38]} 18. Qd3 {[%clk 0:56:07]}  h6 {[%clk 1:19:22]} 19. h3 {[%clk 0:52:43]}  Bb6 {[%clk 1:15:28]} 20. Kf1 {[%clk 0:45:34]}  Qd7 {[%clk 1:06:33]} 21. Kg1 {[%clk 0:37:52]}  Rfd8 {[%clk 1:03:13]} 22. Kf1 {[%clk 0:34:00]}  Qa4 {[%clk 1:03:30]} 23. Kg1 {[%clk 0:30:57]}  Kh8 {[%clk 1:03:46]} 24. Kf1 {[%clk 0:30:48]}  Qe8 {[%clk 1:04:15]} 25. Kg1 {[%clk 0:30:18]}  Qg8 {[%clk 1:04:43]} 26. Kf1 {[%clk 0:30:24]}  Qh7 {[%clk 1:02:02]} 27. Ke2 {[%clk 0:30:25]}  Qe4+ {[%clk 0:59:22]} 28. Kd2 {[%clk 0:26:40]}  g5 {[%clk 0:54:36]} 29. g4 {[%clk 0:18:45]}  Kg7 {[%clk 0:53:11]} 30. Qe3 {[%clk 0:18:38]}  Rf8 {[%clk 0:51:39]} 31. Ke1 {[%clk 0:15:14]}  Rad8 {[%clk 0:46:11]} 32. Re2 {[%clk 0:13:57]}  Qg6 {[%clk 0:44:05]} 33. Rec2 {[%clk 0:13:35]}  Kh7 {[%clk 0:41:23]} 34. Kf1 {[%clk 0:12:53]}  Qe4 {[%clk 0:34:25]} 35. Re2 {[%clk 0:11:56]}  Qg6 {[%clk 0:29:22]} 36. Rec2 {[%clk 0:12:18]}  Kg7 {[%clk 0:28:16]} 37. Kg2 {[%clk 0:12:07]}  Qe4 {[%clk 0:28:24]} 38. Re2 {[%clk 0:12:28]}  Qg6 {[%clk 0:27:00]} 39. Rec2 {[%clk 0:12:50]}  f6 {[%clk 0:23:08]} 40. exf6+ {[%clk 0:07:02]}  Rxf6 {[%clk 0:23:10]} 41. Re2 {[%clk 0:01:30]}  Rdf8 {[%clk 0:19:47]} 42. Ne5 {[%clk 0:00:41]}  Qe8 {[%clk 0:20:12]} 43. Rec2 {[%clk 0:28:04]}  Qe7 {[%clk 0:42:23]} 44. Nd3 {[%clk 0:24:36]}  Rf3 {[%clk 0:39:02]} 45. Qe5+ {[%clk 0:22:08]}  Qf6 {[%clk 0:37:57]} 46. Qxf6+ {[%clk 0:22:01]}  R8xf6 {[%clk 0:31:58]} 47. Nc5 {[%clk 0:20:57]}  Bxc5 {[%clk 0:32:11]} 48. dxc5 {[%clk 0:21:16]}  Rb3 {[%clk 0:32:38]} 49. c6 {[%clk 0:16:54]}  bxc6 {[%clk 0:32:35]} 50. Rxc6 {[%clk 0:16:20]}  Rxb2 {[%clk 0:32:03]} 51. Rc7+ {[%clk 0:16:30]}  Kg6 {[%clk 0:31:57]} 52. Rxa7 {[%clk 0:14:36]}  Rfxf2+ {[%clk 0:31:40]} 53. Kg1 {[%clk 0:14:11]}  Rg2+ {[%clk 0:29:04]} 0-1

[Event "45th FIDE Chess Olympiad Open"]
[Site "Budapest, Hungary"]
[Date "2024.09.20"]
[Round "9"]
[White "Chan, Pui Yin Brandon"]
[Black "Volpinari, Danilo"]
[Result "1/2-1/2"]
[Board "258"]
[WhiteFideId "6006647"]
[BlackFideId "11800054"]
[BlackTitle "FM"]
[WhiteElo "2016"]
[BlackElo "1939"]
[WhiteTeam "Hong Kong, China"]
[BlackTeam "San Marino"]
[WhiteClock "0:02:58"]
[BlackClock "0:05:25"]
[Variant "Standard"]

1. c4 {[%clk 1:28:50]}  e6 {[%clk 1:30:47]} 2. Nc3 {[%clk 1:29:10]}  d5 {[%clk 1:30:06]} 3. d4 {[%clk 1:29:13]}  dxc4 {[%clk 1:29:14]} 4. e3 {[%clk 1:27:39]}  a6 {[%clk 1:28:39]} 5. Bxc4 {[%clk 1:27:17]}  b5 {[%clk 1:26:22]} 6. Bd3 {[%clk 1:26:28]}  Bb7 {[%clk 1:25:03]} 7. Nf3 {[%clk 1:23:13]}  Nf6 {[%clk 1:23:28]} 8. a3 {[%clk 1:20:45]}  c5 {[%clk 1:21:43]} 9. dxc5 {[%clk 1:13:02]}  Bxc5 {[%clk 1:21:59]} 10. b4 {[%clk 1:12:36]}  Bd6 {[%clk 1:16:28]} 11. Bb2 {[%clk 1:09:59]}  Nc6 {[%clk 1:11:40]} 12. Ne4 {[%clk 0:59:10]}  Nxe4 {[%clk 1:01:43]} 13. Bxe4 {[%clk 0:56:41]}  O-O {[%clk 0:41:59]} 14. Nd4 {[%clk 0:47:08]}  Qd7 {[%clk 0:31:49]} 15. O-O {[%clk 0:38:05]}  Rac8 {[%clk 0:30:00]} 16. Nxc6 {[%clk 0:33:32]}  Bxc6 {[%clk 0:29:46]} 17. Bxc6 {[%clk 0:30:52]}  Rxc6 {[%clk 0:29:17]} 18. Qd4 {[%clk 0:30:25]}  f6 {[%clk 0:27:33]} 19. Rfd1 {[%clk 0:26:44]}  Qe7 {[%clk 0:21:09]} 20. f4 {[%clk 0:23:06]}  Rd8 {[%clk 0:18:24]} 21. Qe4 {[%clk 0:17:25]}  Rdc8 {[%clk 0:17:07]} 22. Rd2 {[%clk 0:14:16]}  Rc4 {[%clk 0:15:50]} 23. Qd3 {[%clk 0:14:15]}  Rd8 {[%clk 0:11:44]} 24. Rad1 {[%clk 0:14:43]}  Rcc8 {[%clk 0:11:21]} 25. Qe4 {[%clk 0:14:01]}  Rc4 {[%clk 0:10:55]} 26. Qd3 {[%clk 0:13:03]}  Rcc8 {[%clk 0:11:18]} 27. Qe4 {[%clk 0:07:49]}  Rc4 {[%clk 0:11:33]} 28. Rd4 {[%clk 0:07:54]}  Rxd4 {[%clk 0:09:30]} 29. Rxd4 {[%clk 0:07:45]}  Rc8 {[%clk 0:08:11]} 30. Qd3 {[%clk 0:08:03]}  Rc6 {[%clk 0:08:05]} 31. Qe4 {[%clk 0:06:26]}  Rc8 {[%clk 0:07:17]} 32. Rd2 {[%clk 0:06:40]}  h6 {[%clk 0:04:24]} 33. Qd4 {[%clk 0:05:34]}  Rc6 {[%clk 0:04:32]} 34. Qe4 {[%clk 0:05:58]}  Rc8 {[%clk 0:04:50]} 35. Qd4 {[%clk 0:04:54]}  Rc6 {[%clk 0:05:16]} 36. Qe4 {[%clk 0:02:58]}  Rc8 {[%clk 0:05:25]} 1/2-1/2

[Event "45th FIDE Chess Olympiad Open"]
[Site "Budapest, Hungary"]
[Date "2024.09.20"]
[Round "9"]
[White "Grassi, Enrico"]
[Black "Chan, Wang Ip Boris"]
[Result "0-1"]
[Board "259"]
[WhiteFideId "11800046"]
[BlackFideId "6006027"]
[WhiteTitle "FM"]
[WhiteElo "1965"]
[BlackElo "2017"]
[WhiteTeam "San Marino"]
[BlackTeam "Hong Kong, China"]
[WhiteClock "0:45:37"]
[BlackClock "0:04:02"]
[Variant "Standard"]

1. e4 {[%clk 1:30:56]}  c5 {[%clk 1:30:49]} 2. Nf3 {[%clk 1:31:18]}  d6 {[%clk 1:31:13]} 3. d4 {[%clk 1:31:42]}  cxd4 {[%clk 1:31:35]} 4. Nxd4 {[%clk 1:32:05]}  Nf6 {[%clk 1:32:02]} 5. Nc3 {[%clk 1:32:28]}  a6 {[%clk 1:32:21]} 6. Bd3 {[%clk 1:32:16]}  Nc6 {[%clk 1:32:08]} 7. Nxc6 {[%clk 1:30:54]}  bxc6 {[%clk 1:32:35]} 8. O-O {[%clk 1:26:38]}  g6 {[%clk 1:29:19]} 9. Qe2 {[%clk 1:25:51]}  Qc7 {[%clk 1:22:49]} 10. h3 {[%clk 1:25:10]}  Bg7 {[%clk 1:22:38]} 11. Re1 {[%clk 1:18:59]}  Nd7 {[%clk 1:17:23]} 12. Bd2 {[%clk 1:16:15]}  O-O {[%clk 1:17:23]} 13. Rab1 {[%clk 1:16:24]}  e5 {[%clk 1:15:40]} 14. Bc4 {[%clk 1:12:55]}  Bb7 {[%clk 1:14:06]} 15. Be3 {[%clk 1:12:25]}  Kh8 {[%clk 1:11:43]} 16. Red1 {[%clk 1:12:27]}  f5 {[%clk 1:05:23]} 17. f3 {[%clk 1:12:07]}  f4 {[%clk 0:50:42]} 18. Bf2 {[%clk 1:12:21]}  g5 {[%clk 0:48:43]} 19. Rd2 {[%clk 1:11:15]}  Rf6 {[%clk 0:47:24]} 20. Rbd1 {[%clk 1:11:27]}  Nb6 {[%clk 0:41:37]} 21. Bb3 {[%clk 1:10:18]}  Raf8 {[%clk 0:38:17]} 22. Kh1 {[%clk 1:08:03]}  Nc8 {[%clk 0:36:02]} 23. Qc4 {[%clk 0:57:45]}  c5 {[%clk 0:18:42]} 24. Qe2 {[%clk 0:54:44]}  Nb6 {[%clk 0:13:02]} 25. Bd5 {[%clk 0:49:41]}  Bc8 {[%clk 0:11:39]} 26. a4 {[%clk 0:49:42]}  Rh6 {[%clk 0:11:13]} 27. a5 {[%clk 0:48:25]}  Nxd5 {[%clk 0:10:09]} 28. Nxd5 {[%clk 0:48:46]}  Qf7 {[%clk 0:10:13]} 29. Bg1 {[%clk 0:48:31]}  g4 {[%clk 0:09:14]} 30. Bh2 {[%clk 0:48:05]}  gxh3 {[%clk 0:05:44]} 31. gxh3 {[%clk 0:46:41]}  Rxh3 {[%clk 0:06:12]} 32. Rg1 {[%clk 0:46:36]}  Qh5 {[%clk 0:06:12]} 33. Rd3 {[%clk 0:45:45]}  Be6 {[%clk 0:04:29]} 34. Qg2 {[%clk 0:46:01]}  Rg3 {[%clk 0:04:52]} 35. Qf2 {[%clk 0:46:11]}  Bxd5 {[%clk 0:04:18]} 36. exd5 {[%clk 0:46:14]}  e4 {[%clk 0:03:10]} 37. Rxg3 {[%clk 0:45:21]}  fxg3 {[%clk 0:03:34]} 38. Qxg3 {[%clk 0:45:37]}  exd3 {[%clk 0:04:02]} 0-1

[Event "45th FIDE Chess Olympiad Open"]
[Site "Budapest, Hungary"]
[Date "2024.09.20"]
[Round "9"]
[White "Li, Yiheng"]
[Black "Piva, Michele"]
[Result "1-0"]
[Board "260"]
[WhiteFideId "6006760"]
[BlackFideId "11800453"]
[WhiteElo "1893"]
[BlackElo "1721"]
[WhiteTeam "Hong Kong, China"]
[BlackTeam "San Marino"]
[WhiteClock "0:50:47"]
[BlackClock "0:46:59"]
[Variant "Standard"]

1. e4 {[%clk 1:30:57]}  c5 {[%clk 1:30:53]} 2. Nf3 {[%clk 1:31:23]}  g6 {[%clk 1:31:03]} 3. c3 {[%clk 1:31:13]}  Bg7 {[%clk 1:31:16]} 4. d4 {[%clk 1:31:37]}  cxd4 {[%clk 1:30:02]} 5. cxd4 {[%clk 1:32:01]}  Nc6 {[%clk 1:29:53]} 6. d5 {[%clk 1:27:58]}  Ne5 {[%clk 1:29:40]} 7. Nc3 {[%clk 1:27:08]}  a6 {[%clk 1:29:18]} 8. Nxe5 {[%clk 1:23:30]}  Bxe5 {[%clk 1:29:13]} 9. f4 {[%clk 1:23:47]}  Bg7 {[%clk 1:28:46]} 10. Be3 {[%clk 1:23:58]}  d6 {[%clk 1:28:08]} 11. Be2 {[%clk 1:22:36]}  Nh6 {[%clk 1:20:15]} 12. Bd4 {[%clk 1:20:22]}  O-O {[%clk 1:19:33]} 13. Bxg7 {[%clk 1:20:46]}  Kxg7 {[%clk 1:19:52]} 14. Qd4+ {[%clk 1:20:06]}  f6 {[%clk 1:18:51]} 15. O-O-O {[%clk 1:17:41]}  Nf7 {[%clk 1:17:16]} 16. h4 {[%clk 1:16:18]}  h5 {[%clk 1:10:44]} 17. g4 {[%clk 1:10:26]}  Bxg4 {[%clk 1:09:33]} 18. Bxg4 {[%clk 1:10:48]}  hxg4 {[%clk 1:09:41]} 19. Rdg1 {[%clk 1:10:27]}  Qd7 {[%clk 1:04:22]} 20. h5 {[%clk 1:08:43]}  g5 {[%clk 1:01:21]} 21. fxg5 {[%clk 1:02:58]}  Nxg5 {[%clk 1:01:14]} 22. Qe3 {[%clk 1:02:42]}  Kh6 {[%clk 0:54:01]} 23. Rh4 {[%clk 1:00:21]}  f5 {[%clk 0:53:40]} 24. exf5 {[%clk 1:00:20]}  Rxf5 {[%clk 0:52:39]} 25. Rhxg4 {[%clk 0:57:59]}  Re5 {[%clk 0:48:31]} 26. Ne4 {[%clk 0:50:48]}  Rc8+ {[%clk 0:48:33]} 27. Kb1 {[%clk 0:50:30]}  Qf5 {[%clk 0:48:54]} 28. Qxg5+ {[%clk 0:50:29]}  Qxg5 {[%clk 0:47:35]} 29. Nxg5 {[%clk 0:50:54]}  Kxh5 {[%clk 0:46:59]} 30. Nf3 {[%clk 0:50:47]} 1-0

[Event "45th FIDE Chess Olympiad Open"]
[Site "Budapest, Hungary"]
[Date "2024.09.20"]
[Round "9"]
[White "Yee, Soon Wei"]
[Black "Mfune, Petros"]
[Result "1/2-1/2"]
[Board "261"]
[WhiteFideId "10500553"]
[BlackFideId "20500033"]
[WhiteTitle "FM"]
[BlackTitle "CM"]
[WhiteElo "2219"]
[BlackElo "1986"]
[WhiteTeam "Brunei Darussalam"]
[BlackTeam "Malawi"]
[WhiteClock "0:18:30"]
[BlackClock "0:24:53"]
[Variant "Standard"]

1. e4 {[%clk 1:30:56]}  d5 {[%clk 1:30:54]} 2. exd5 {[%clk 1:30:46]}  Nf6 {[%clk 1:31:19]} 3. Nf3 {[%clk 1:30:11]}  Nxd5 {[%clk 1:31:38]} 4. d4 {[%clk 1:30:13]}  g6 {[%clk 1:32:01]} 5. c4 {[%clk 1:29:48]}  Nf6 {[%clk 1:32:25]} 6. Nc3 {[%clk 1:29:49]}  Bg7 {[%clk 1:32:50]} 7. Be2 {[%clk 1:27:55]}  O-O {[%clk 1:33:13]} 8. O-O {[%clk 1:27:23]}  Bg4 {[%clk 1:33:30]} 9. h3 {[%clk 1:27:15]}  Bxf3 {[%clk 1:31:53]} 10. Bxf3 {[%clk 1:27:37]}  Nc6 {[%clk 1:32:10]} 11. Be3 {[%clk 1:25:20]}  Ne8 {[%clk 1:30:20]} 12. d5 {[%clk 1:19:32]}  Ne5 {[%clk 1:30:18]} 13. Be2 {[%clk 1:18:45]}  Nd6 {[%clk 1:29:50]} 14. c5 {[%clk 1:16:48]}  Nf5 {[%clk 1:30:11]} 15. Bf4 {[%clk 1:16:09]}  c6 {[%clk 1:25:11]} 16. Re1 {[%clk 1:13:56]}  cxd5 {[%clk 1:24:08]} 17. Qxd5 {[%clk 1:12:43]}  Qxd5 {[%clk 1:21:42]} 18. Nxd5 {[%clk 1:13:07]}  e6 {[%clk 1:21:22]} 19. Ne3 {[%clk 1:12:43]}  Nd4 {[%clk 1:06:15]} 20. Bf1 {[%clk 1:12:03]}  Rac8 {[%clk 1:04:33]} 21. Rac1 {[%clk 1:09:49]}  Nef3+ {[%clk 0:59:38]} 22. gxf3 {[%clk 1:09:52]}  Nxf3+ {[%clk 1:00:03]} 23. Kh1 {[%clk 1:07:14]}  Nxe1 {[%clk 1:00:02]} 24. Rxe1 {[%clk 1:07:25]}  e5 {[%clk 1:00:11]} 25. Bg5 {[%clk 0:59:15]}  f6 {[%clk 1:00:13]} 26. Bh4 {[%clk 0:59:11]}  Rxc5 {[%clk 0:59:35]} 27. Bc4+ {[%clk 0:53:15]}  Kh8 {[%clk 0:59:52]} 28. Rd1 {[%clk 0:53:37]}  h5 {[%clk 0:57:03]} 29. Bd3 {[%clk 0:42:53]}  g5 {[%clk 0:53:17]} 30. Bg3 {[%clk 0:42:51]}  h4 {[%clk 0:53:32]} 31. Bh2 {[%clk 0:42:55]}  Rd8 {[%clk 0:53:41]} 32. Kg2 {[%clk 0:41:39]}  Rc6 {[%clk 0:52:10]} 33. Kf3 {[%clk 0:41:21]}  Rd4 {[%clk 0:50:51]} 34. Be4 {[%clk 0:38:40]}  Rxd1 {[%clk 0:49:57]} 35. Nxd1 {[%clk 0:39:04]}  Rc1 {[%clk 0:49:45]} 36. Ke2 {[%clk 0:37:37]}  Rc7 {[%clk 0:49:45]} 37. f3 {[%clk 0:37:19]}  Bf8 {[%clk 0:49:28]} 38. Bg1 {[%clk 0:37:37]}  b6 {[%clk 0:49:31]} 39. Nc3 {[%clk 0:36:47]}  Kg7 {[%clk 0:48:36]} 40. Be3 {[%clk 0:36:37]}  Rd7 {[%clk 0:45:01]} 41. Bf5 {[%clk 0:34:51]}  Rb7 {[%clk 0:43:32]} 42. Ne4 {[%clk 0:34:10]}  a5 {[%clk 0:42:39]} 43. Kd3 {[%clk 0:34:02]}  Kf7 {[%clk 0:38:41]} 44. Kc4 {[%clk 0:32:33]}  b5+ {[%clk 0:38:00]} 45. Kd5 {[%clk 0:29:48]}  Rb8 {[%clk 0:33:51]} 46. Kc6 {[%clk 0:26:07]}  b4 {[%clk 0:31:47]} 47. b3 {[%clk 0:15:49]}  a4 {[%clk 0:26:31]} 48. Nd2 {[%clk 0:06:16]}  axb3 {[%clk 0:26:02]} 49. axb3 {[%clk 0:06:40]}  Rd8 {[%clk 0:25:33]} 50. Kb5 {[%clk 0:06:34]}  Be7 {[%clk 0:24:35]} 51. Kc4 {[%clk 0:05:02]}  Bf8 {[%clk 0:24:30]} 52. Kb5 {[%clk 0:03:26]}  Be7 {[%clk 0:24:47]} 53. Kc4 {[%clk 0:02:15]}  Bf8 {[%clk 0:24:53]} 54. Kb5 {[%clk 0:18:30]} 1/2-1/2

[Event "45th FIDE Chess Olympiad Open"]
[Site "Budapest, Hungary"]
[Date "2024.09.20"]
[Round "9"]
[White "Mwale, Joseph"]
[Black "Lim Teck Guan,Rodney"]
[Result "1-0"]
[Board "262"]
[WhiteFideId "16400135"]
[BlackFideId "10502629"]
[WhiteTitle "FM"]
[WhiteElo "2063"]
[BlackElo "1931"]
[WhiteTeam "Malawi"]
[BlackTeam "Brunei Darussalam"]
[WhiteClock "2:05:09"]
[BlackClock "0:16:01"]
[Variant "Standard"]

1. e4 {[%clk 1:30:58]}  c6 {[%clk 1:30:55]} 2. d4 {[%clk 1:31:24]}  d5 {[%clk 1:31:20]} 3. f3 {[%clk 1:31:51]}  e6 {[%clk 1:31:31]} 4. Nc3 {[%clk 1:32:05]}  Bb4 {[%clk 1:31:57]} 5. e5 {[%clk 1:32:25]}  b6 {[%clk 1:31:46]} 6. f4 {[%clk 1:32:39]}  Ba6 {[%clk 1:30:50]} 7. Bxa6 {[%clk 1:32:51]}  Nxa6 {[%clk 1:31:10]} 8. Nf3 {[%clk 1:33:20]}  c5 {[%clk 1:29:29]} 9. Qe2 {[%clk 1:33:21]}  Nb8 {[%clk 1:29:00]} 10. O-O {[%clk 1:33:32]}  Ne7 {[%clk 1:26:17]} 11. Nb5 {[%clk 1:33:29]}  cxd4 {[%clk 1:25:20]} 12. Qd3 {[%clk 1:32:37]}  a6 {[%clk 1:13:23]} 13. Nbxd4 {[%clk 1:32:42]}  Bc5 {[%clk 1:13:40]} 14. Be3 {[%clk 1:32:54]}  Nbc6 {[%clk 1:12:59]} 15. Nxc6 {[%clk 1:32:57]}  Nxc6 {[%clk 1:13:22]} 16. f5 {[%clk 1:33:09]}  Bxe3+ {[%clk 1:09:21]} 17. Qxe3 {[%clk 1:33:35]}  exf5 {[%clk 0:47:26]} 18. e6 {[%clk 1:34:03]}  O-O {[%clk 0:42:54]} 19. Ng5 {[%clk 1:34:26]}  f6 {[%clk 0:30:12]} 20. Nf7 {[%clk 1:34:50]}  Qc7 {[%clk 0:30:12]} 21. Rxf5 {[%clk 1:34:58]}  Ne7 {[%clk 0:29:40]} 22. Rf2 {[%clk 1:34:39]}  Qc5 {[%clk 0:25:28]} 23. Qg3 {[%clk 1:35:03]}  Rfe8 {[%clk 0:16:13]} 24. Re1 {[%clk 1:34:38]}  Ng6 {[%clk 0:15:26]} 25. h4 {[%clk 1:35:00]}  Qb4 {[%clk 0:14:33]} 26. Rf5 {[%clk 1:34:46]}  Qxh4 {[%clk 0:10:34]} 27. Qxh4 {[%clk 1:35:12]}  Nxh4 {[%clk 0:10:54]} 28. Rxd5 {[%clk 1:35:39]}  Ng6 {[%clk 0:05:39]} 29. Nd6 {[%clk 1:36:00]}  Rxe6 {[%clk 0:04:18]} 30. Rxe6 {[%clk 1:36:09]}  Nf4 {[%clk 0:04:47]} 31. Rxf6 {[%clk 1:34:39]}  Nxd5 {[%clk 0:04:59]} 32. Re6 {[%clk 1:34:44]}  Nc7 {[%clk 0:01:58]} 33. Re7 {[%clk 1:35:03]}  Nd5 {[%clk 0:02:21]} 34. Rb7 {[%clk 1:35:30]}  Rd8 {[%clk 0:02:25]} 35. Nf5 {[%clk 1:35:56]}  Nb4 {[%clk 0:01:45]} 36. Rxg7+ {[%clk 1:36:06]}  Kh8 {[%clk 0:02:07]} 37. Rb7 {[%clk 1:36:31]}  b5 {[%clk 0:01:41]} 38. Nh6 {[%clk 1:35:00]}  Rd1+ {[%clk 0:01:39]} 39. Kh2 {[%clk 1:35:21]}  Nxc2 {[%clk 0:01:16]} 40. g4 {[%clk 1:35:49]}  Ne3 {[%clk 0:01:19]} 41. g5 {[%clk 1:36:05]}  Rd2+ {[%clk 0:00:35]} 42. Kh3 {[%clk 1:34:55]}  Rc2 {[%clk 0:16:01]} 43. Rb8+ {[%clk 2:05:09]} 1-0

[Event "45th FIDE Chess Olympiad Open"]
[Site "Budapest, Hungary"]
[Date "2024.09.20"]
[Round "9"]
[White "Pg. Shahridin, Ak. Abdul Wafie"]
[Black "Chipanga, Chiletso"]
[Result "0-1"]
[Board "263"]
[WhiteFideId "10503234"]
[BlackFideId "16400119"]
[BlackTitle "CM"]
[WhiteElo "1912"]
[BlackElo "2089"]
[WhiteTeam "Brunei Darussalam"]
[BlackTeam "Malawi"]
[WhiteClock "0:21:07"]
[BlackClock "0:52:10"]
[Variant "Standard"]

1. d4 {[%clk 1:30:58]}  d5 {[%clk 1:28:51]} 2. Nc3 {[%clk 1:31:16]}  Nf6 {[%clk 1:28:29]} 3. Bf4 {[%clk 1:31:39]}  Bf5 {[%clk 1:27:57]} 4. f3 {[%clk 1:31:51]}  e6 {[%clk 1:28:04]} 5. g4 {[%clk 1:31:51]}  Bg6 {[%clk 1:28:31]} 6. h4 {[%clk 1:31:33]}  h5 {[%clk 1:28:28]} 7. g5 {[%clk 1:31:48]}  Nfd7 {[%clk 1:28:08]} 8. e4 {[%clk 1:29:10]}  Nb6 {[%clk 1:27:15]} 9. Bd3 {[%clk 1:27:35]}  a6 {[%clk 1:26:37]} 10. Nge2 {[%clk 1:25:18]}  dxe4 {[%clk 1:24:13]} 11. fxe4 {[%clk 1:25:33]}  Nc6 {[%clk 1:23:50]} 12. a3 {[%clk 1:20:45]}  Qd7 {[%clk 1:20:30]} 13. d5 {[%clk 1:12:35]}  exd5 {[%clk 1:17:03]} 14. exd5 {[%clk 1:12:51]}  Ne7 {[%clk 1:16:43]} 15. Bxg6 {[%clk 0:51:48]}  Nxg6 {[%clk 1:17:06]} 16. Qd4 {[%clk 0:49:59]}  O-O-O {[%clk 1:13:47]} 17. O-O-O {[%clk 0:48:19]}  Nxf4 {[%clk 1:13:56]} 18. Nxf4 {[%clk 0:47:31]}  Bd6 {[%clk 1:12:20]} 19. Rhf1 {[%clk 0:45:30]}  Qg4 {[%clk 1:09:28]} 20. Qf2 {[%clk 0:43:30]}  Be5 {[%clk 1:07:03]} 21. Rd3 {[%clk 0:34:25]}  Rhe8 {[%clk 1:06:50]} 22. Rf3 {[%clk 0:28:57]}  g6 {[%clk 1:00:19]} 23. Kb1 {[%clk 0:28:19]}  Nc4 {[%clk 0:59:40]} 24. b3 {[%clk 0:24:36]}  Qxf3 {[%clk 0:58:41]} 25. Qxf3 {[%clk 0:22:09]}  Nd2+ {[%clk 0:59:07]} 26. Kb2 {[%clk 0:22:31]}  Nxf3 {[%clk 0:59:28]} 27. Rxf3 {[%clk 0:23:00]}  Re7 {[%clk 0:58:49]} 28. b4 {[%clk 0:23:11]}  b6 {[%clk 0:58:31]} 29. Kb3 {[%clk 0:23:34]}  Rdd7 {[%clk 0:58:21]} 30. Kc4 {[%clk 0:22:57]}  Bg7 {[%clk 0:58:23]} 31. Nfe2 {[%clk 0:22:24]}  Kb7 {[%clk 0:57:52]} 32. a4 {[%clk 0:22:36]}  c6 {[%clk 0:57:39]} 33. dxc6+ {[%clk 0:22:05]}  Kxc6 {[%clk 0:58:05]} 34. b5+ {[%clk 0:22:17]}  axb5+ {[%clk 0:58:25]} 35. axb5+ {[%clk 0:22:41]}  Kb7 {[%clk 0:58:39]} 36. Rf4 {[%clk 0:21:48]}  Rd2 {[%clk 0:57:30]} 37. Kb3 {[%clk 0:21:27]}  Kb8 {[%clk 0:55:33]} 38. Rf2 {[%clk 0:20:37]}  Bxc3 {[%clk 0:52:19]} 39. Kxc3 {[%clk 0:20:46]}  Rdxe2 {[%clk 0:52:45]} 40. Rf6 {[%clk 0:21:15]}  Kb7 {[%clk 0:51:53]} 41. Rxg6 {[%clk 0:21:07]}  fxg6 {[%clk 0:52:10]} 0-1

[Event "45th FIDE Chess Olympiad Open"]
[Site "Budapest, Hungary"]
[Date "2024.09.20"]
[Round "9"]
[White "Mwale, George"]
[Black "Akmal, Ahmad"]
[Result "1-0"]
[Board "264"]
[WhiteFideId "20500254"]
[BlackFideId "10503846"]
[WhiteTitle "CM"]
[WhiteElo "2056"]
[BlackElo "1830"]
[WhiteTeam "Malawi"]
[BlackTeam "Brunei Darussalam"]
[WhiteClock "0:50:37"]
[BlackClock "0:49:41"]
[Variant "Standard"]

1. Nf3 {[%clk 1:27:21]}  Nf6 {[%clk 1:30:48]} 2. g3 {[%clk 1:27:01]}  b5 {[%clk 1:30:36]} 3. Bg2 {[%clk 1:27:15]}  Bb7 {[%clk 1:30:55]} 4. d4 {[%clk 1:27:31]}  e6 {[%clk 1:30:53]} 5. O-O {[%clk 1:27:49]}  c5 {[%clk 1:30:45]} 6. b3 {[%clk 1:26:42]}  cxd4 {[%clk 1:27:59]} 7. Qxd4 {[%clk 1:26:36]}  Nc6 {[%clk 1:27:45]} 8. Qd1 {[%clk 1:26:36]}  Be7 {[%clk 1:27:07]} 9. Bb2 {[%clk 1:26:53]}  O-O {[%clk 1:26:06]} 10. Nd4 {[%clk 1:25:59]}  Qb6 {[%clk 1:25:12]} 11. a4 {[%clk 1:24:25]}  a6 {[%clk 1:15:28]} 12. Na3 {[%clk 1:19:44]}  bxa4 {[%clk 1:06:21]} 13. Nc4 {[%clk 1:19:50]}  Qc7 {[%clk 1:06:32]} 14. Rxa4 {[%clk 1:19:39]}  d5 {[%clk 1:05:44]} 15. Nd2 {[%clk 1:06:01]}  Rfc8 {[%clk 0:58:04]} 16. N2f3 {[%clk 1:02:33]}  Ne4 {[%clk 0:56:09]} 17. Nxc6 {[%clk 1:00:33]}  Bxc6 {[%clk 0:56:18]} 18. Be5 {[%clk 0:58:31]}  Bd6 {[%clk 0:54:56]} 19. Bxd6 {[%clk 0:54:27]}  Qxd6 {[%clk 0:55:00]} 20. Rxe4 {[%clk 0:54:35]}  dxe4 {[%clk 0:49:41]} 21. Qxd6 {[%clk 0:50:37]} 1-0